[Event "Valencia Autonomico-ch U18"]
[Site "Valencia"]
[Date "2010.04.07"]
[Round "2"]
[White "Poyatos Sanchez, Jose"]
[Black "Remolar Gallen, Jose"]
[Result "0-1"]
[WhiteElo "1552"]
[BlackElo "1943"]
[PlyCount "50"]
[EventDate "2010.04.07"]
[EventType "swiss"]
[EventRounds "7"]
[EventCountry "ESP"]
[SourceTitle "EXT 2024"]
[Source "ChessBase"]
[SourceDate "2023.10.10"]
[SourceVersion "1"]
[SourceVersionDate "2023.10.10"]
[SourceQuality "1"]

1. e4 c5 2. Nf3 g6 3. d3 Bg7 4. c3 d6 5. g3 Nc6 6. Bg2 e6 7. Bg5 Qc7 8. 0-0 h6 9. Bf4 g5 10. Be3 Nge7 11. Nbd2 0-0 12. h3 f5 13. exf5 exf5 14. h4 f4 15. Bxc5 dxc5 16. hxg5 fxg3 17. gxh6 Bxh6 18. Ne4 gxf2+ 19. Rxf2 Be3 20. Qb3+ Kh8 21. Neg5 Qg3 22. Nf7+ Kg7 23. Raf1 Bh3 24. Ne1 Na5 25. Qd5 Nxd5 0-1